000 00406 a2200157 4500
001 67279
020 _a8524907525 (broch.)
040 _cAnchieta - Pituba
100 _aAfonso, Almerindo Janela.
240 1 0 _aAvaliação educacional
_lpor
245 1 0 _aAvaliação educacional
300 _a151p.
362 0 _a2005
650 4 _aExames e testes, prognóstico acadêmico e colocação
942 _cBK
999 _c67279
_d67279